Normal view
MARC view
- Acevedo Alemán, Jesús
Entry Nombre Personal
001 - NUMERO DE CONTROL
- campo de control: 36755
003 - IDENTIFICADOR DE NUMERO DE CONTROL
- campo de control: UPN
005 - FECHA Y HORA DE LA ÜLTIMA TRANSACCIÓN
- campo de control: 20210219194517.0
008 - DATOS DE LONGITUD FIJA
- campo de control de longitud fija: nabaccnnaabn|||||||||| b |nc|||||d
035 ## - NUMERO DE CONTROL
- Número de control: UPN11000008862
040 ## - FUENTE DE CATALOGACIÓN
- Lenguaje de catalogación: SPA
- Agencia de transcripción: UPN
100 1# - ENCABEZAMIENTO - NOMBRE PERSONAL
- Nombre personal: Acevedo Alemán, Jesús
670 ## - FUENTE EN LA QUE SE LOCALIZARON DATOS
- Cita de la fuente: T
- Uniform Resource Identifier: http://www.plazayvaldes.com.mx/autor/jesus-acevedo-aleman/1631/
680 ## - NOTA PUBLICA DE ACCESO PÚBLICO
- Frase explicativa de la referencia: Lic. en Trabajo Social, mtría. en Población y Desarrollo Regional, doc. en Política Social. Profr. de tiempo completo en la Facultad de Trabajo Social de la Universidad Autónoma de Coahuila.
902 ## - CATALOGADOR
- Catalogador: EMR/250315
